| 000 | 02167 a2200205 4500 | ||
|---|---|---|---|
| 001 | 48657 | ||
| 005 | 20260407155751.0 | ||
| 008 | 260407a1998 arg spa d | ||
| 003 | AR-UNSa-BCEJYS | ||
| 040 |
_aAR-UNSa-BCEJYS _bspa _cAR-UNSa-BCEJYS |
||
| 080 |
_a347.41 _xObligaciones en general (civil) |
||
| 245 | 1 | 0 | _aObligaciones naturales y deberes morales |
| 020 | _a950-572-439-X | ||
| 264 | 1 |
_aBuenos Aires : _bVíctor P. de Zavalía _c1998 |
|
| 300 |
_a377 p. _c23 cm. |
||
| 505 | _aSección Primera: Los deberes morales y las obligaciones naturales: 1. Introducción - 2. Obligaciones naturales - 3. El cumplimiento de las obligaciones naturales - 4. Deberes morales - Sección Segunda: Antecedentes históricos: 1. Necesidad del estudio histórico - 2. El derecho griego y las obligaciones naturales - 3. El derecho romano - 4. Derecho romano (continuación). Distintas hipótesis de obligaciones naturales: Parte Primera: Obligaciones naturales que nacen con ese carácter - Parte Segunda: Obligaciones que comienzan siendo civiles y se transforman en naturales - 5. Derecho romano (continuación). Las llamadas obligaciones naturales impropias - 6. Derecho español histórico: Las partidas - Sección tercera: Derecho comparado: 1. Introducción - 2. Sistema angloamericano - 3. Sistema francés (Obligaciones naturales) - 4. Códigos que no mencionan las obligaciones naturales - 5. Sistema Germánico. Códigos que hablan de deberes morales - 6. Ordenamientos jurídicos que superponen las denominaciones de obligación natural y deber moral - 7. Sistema socialista - 8. Sistema hispanoamericano (Obligaciones naturales) - Sección Cuarta: Derecho argentino: 1. Introducción - 2. Características de las obligaciones naturales - 3. Efectos de las obligaciones naturales - 4. Supuestos de obligaciones naturales - 5. Análisis de los distintos supuestos - 6. Análisis de los distintos supuestos (continuación) - 7. Análisis de los distintos supuestos (continuación) - 8. Los deberes morales como obligaciones naturales - 9. Proyectos de reforma. | ||
| 942 | _cBK | ||
| 590 | _aniveau_biblio:m niveau_hierar:0 | ||
| 100 | 1 | _aMoisset de Espanés, Luis | |
| 999 |
_c4670 _d4670 |
||